Language Quiz

Random Language or Animal Quiz

Which Animal Belongs in That Idiom? Quiz Stats

 Plays Quiz Updated Jun 27, 2018

Score 0/15 Timer 04:00
1 Play Today
Question Answer Wrong Answers
Blind as a _____ Bat
97.8%
Beaver
0.4%
Cat
0.1%
Fly
0.4%
_____ on the wall Fly
97.1%
Monkey
0.9%
Weasel
0.5%
Wolf
0.3%
Sly as a _____ Fox
97%
Goat
0.8%
Monkey
0.5%
Horse
0.5%
Let the _____ out of the bag Cat
96.4%
Mouse
1.1%
Monkey
0.6%
Bat
0.7%
Grab the _____ by the horns Bull
96.3%
Goat
2.3%
Horse
0.1%
Dog
0.2%
_____ see, _____ do Monkey
95.2%
Dog
1.4%
Cat
1.5%
Mouse
0.6%
Quiet as a _____ Mouse
94.6%
Cat
1.4%
Fox
2%
Bat
0.9%
Every _____ has his day Dog
94%
Pig
2.5%
Beaver
1.5%
Bat
0.7%
Fat as a _____ Pig
93.7%
Turkey
2.3%
Fox
2.1%
Bat
0.8%
Busy as a _____ Beaver
93.6%
Goat
1%
Fox
1.2%
Mouse
3.1%
Beat a dead _____ Horse
92.4%
Goat
2.3%
Fly
2.9%
Bull
1.2%
_____ in sheep's clothing Wolf
92.3%
Bull
0.6%
Pig
1.6%
Fox
4.4%
Quit (something) cold _____ Turkey
91.6%
Weasel
1.1%
Fish
5.6%
Cat
0.5%
Like shooting _____ in a barrel Fish
91.4%
Fly
3.8%
Bat
2.1%
Cat
1.4%
_____ out of something Weasel
68.8%
Fish
20.1%
Monkey
6.2%
Mouse
3.8%

You're not logged in!

Compare scores with friends on all Sporcle quizzes.
OR
Log In

Sporcle TV

Today on Sporcle TV


Watch our educational content, quiz creation guides, and fun videos on Sporcle TV.

Show Comments

Extras

Top Quizzes Today


Score Distribution

Your Account Isn't Verified!

In order to create a playlist on Sporcle, you need to verify the email address you used during registration. Go to your Sporcle Settings to finish the process.

Report this User

Report this user for behavior that violates our Community Guidelines.

Details: